Chicken soup for the soul : (Record no. 55129)
[ view plain ]
| 000 -LEADER | |
|---|---|
| fixed length control field | 02810nam a22003737a 4500 |
| 005 - DATE AND TIME OF LATEST TRANSACTION | |
| control field | 20110810101858.0 |
| 010 ## - LCCN (DPL NO) | |
| LC control number | ENG-103268 B-464543-552 |
| 020 ## - INTERNATIONAL STANDARD BOOK NUMBER | |
| Terms of availability | 295.00 |
| International Standard Book Number | 9789380658261 |
| 035 ## - SYSTEM CONTROL NUMBER | |
| System control number | EN-86801 B-464543-552 |
| 037 ## - SOURCE OF ACQUISITION | |
| Source of stock number/acquisition | DBAD/PUB |
| 037 ## - SOURCE OF ACQUISITION | |
| Source of stock number/acquisition | K.K.Pub/Ven |
| 082 ## - DEWEY DECIMAL CLASSIFICATION NUMBER | |
| Classification number | S |
| 100 ## - MAIN ENTRY--PERSONAL NAME | |
| Personal name | Canfield, Jack |
| 245 ## - TITLE STATEMENT | |
| Title | Chicken soup for the soul : |
| Statement of responsibility, etc | by Jack Canfield, Mark Victor Hansen [and] Amy Newmark ; foreworded by Kristi Yamaguchi [and] Bret Hedican |
| Remainder of title | 101 heartwarming and humorous stories about dating, romance, love, and marriage / |
| 246 ## - VARYING FORM OF TITLE | |
| Title proper/short title | True love |
| 260 ## - PUBLICATION, DISTRIBUTION, ETC. (IMPRINT) | |
| Place of publication, distribution, etc | Chennai |
| Name of publisher, distributor, etc | Westland |
| Date of publication, distribution, etc | 2011 |
| 270 ## - ADDRESS | |
| Address | Venkat Towers, 165, P.H.Road,Maduravoyal |
| City | Chennai |
| Postal code | 600095 |
| 300 ## - PHYSICAL DESCRIPTION | |
| Extent | xvi,393p. |
| Dimensions | 23cm (pbk) |
| 700 ## - ADDED ENTRY--PERSONAL NAME | |
| 9 (RLIN) | 31640 |
| Personal name | Hansen, Mark Victor |
| 700 ## - ADDED ENTRY--PERSONAL NAME | |
| Personal name | Newmark, Amy |
| 9 (RLIN) | 1026 |
| 942 ## - ADDED ENTRY ELEMENTS (KOHA) | |
| Source of classification or shelving scheme | Dewey Decimal Classification |
| Item type | English Books |
| Call number suffix | CAN |
| Classification part | S |
| Withdrawn status | Lost status | Not for loan | Collection code | Home library | Current library | Date acquired | Source of acquisition | Cost, normal purchase price | Full call number | Barcode | Copy number | Cost, replacement price | Koha item type |
|---|---|---|---|---|---|---|---|---|---|---|---|---|---|
| Fiction | Andrews Gunj | Andrews Gunj | 28/06/2012 | K.K.Pub/1750/11.02.2012/25/12.02.2012/12.03.2012 | 295.00 | S CAN | B-464548 | 1 | 295.00 | English Books | |||
| Fiction | Bawana | Bawana | 28/06/2012 | K.K.Pub/1750/11.02.2012/25/12.02.2012/12.03.2012 | 295.00 | S CAN | B-464550 | 1 | 295.00 | English Books | |||
| Fiction | Central Library | Central Library | 28/06/2012 | K.K.Pub/1750/11.02.2012/25/12.02.2012/12.03.2012 | 295.00 | S CAN | B-464543 | 1 | 295.00 | English Books | |||
| Not For Loan | Fiction | D.B.Act.Division | D.B.Act.Division | 10/08/2011 | DBAD/PUB | 295.00 | S CAN | EN-86801 | 1 | 295.00 | English Books | ||
| Fiction | Janak Puri | Janak Puri | 28/06/2012 | K.K.Pub/1750/11.02.2012/25/12.02.2012/12.03.2012 | 295.00 | S CAN | B-464545 | 1 | 295.00 | English Books | |||
| Fiction | Narela | Narela | 28/06/2012 | K.K.Pub/1750/11.02.2012/25/12.02.2012/12.03.2012 | 295.00 | S CAN | B-464551 | 1 | 295.00 | English Books | |||
| Written-off vide DLB M. No. 383 dt 16.05.19 | Fiction | Patel Nagar | Patel Nagar | 28/06/2012 | K.K.Pub/1750/11.02.2012/25/12.02.2012/12.03.2012 | 295.00 | S CAN | B-464544 | 1 | 295.00 | English Books | ||
| Fiction | R.K.Puram-8 | R.K.Puram-8 | 28/06/2012 | K.K.Pub/1750/11.02.2012/25/12.02.2012/12.03.2012 | 295.00 | S CAN | B-464547 | 1 | 295.00 | English Books | |||
| Fiction | Sarojini Nagar | Sarojini Nagar | 28/06/2012 | K.K.Pub/1750/11.02.2012/25/12.02.2012/12.03.2012 | 295.00 | S CAN | B-464546 | 1 | 295.00 | English Books | |||
| Fiction | Shahdara Branch | Shahdara Branch | 28/06/2012 | K.K.Pub/1750/11.02.2012/25/12.02.2012/12.03.2012 | 295.00 | S CAN | B-464552 | 1 | 295.00 | English Books | |||
| Fiction | Vinoba Puri | Vinoba Puri | 28/06/2012 | K.K.Pub/1750/11.02.2012/25/12.02.2012/12.03.2012 | 295.00 | S CAN | B-464549 | 1 | 295.00 | English Books |
